Sports Quiz

Random Sports or NBA Quiz

NBA Teams Quiz Stats

 Plays Quiz not verified by Sporcle

Score 0/30 Timer 10:00
0 Plays Today
Division Team % Correct
PacificLos Angeles Clippers
100%
AtlanticBoston Celtics
95.5%
AtlanticNew York Knicks
95.5%
AtlanticToronto Raptors
95.5%
NorthwestMinnesota Timberwolves
95.5%
NorthwestUtah Jazz
95.5%
PacificLos Angeles Lakers
95.5%
AtlanticBrooklyn Nets
90.9%
CentralCleveland Cavaliers
90.9%
CentralIndiana Pacers
90.9%
CentralMilwaukee Bucks
90.9%
SoutheastAtlanta Hawks
90.9%
SoutheastMiami Heat
90.9%
SoutheastOrlando Magic
90.9%
SoutheastWashington Wizards
90.9%
Division Team % Correct
NorthwestDenver Nuggets
90.9%
PacificGolden State Warriors
90.9%
PacificPhoenix Suns
90.9%
SouthwestDallas Mavericks
90.9%
SouthwestHouston Rockets
90.9%
SouthwestMemphis Grizzlies
90.9%
SouthwestSan Antonio Spurs
90.9%
CentralChicago Bulls
86.4%
CentralDetroit Pistons
86.4%
NorthwestPortland Trail Blazers
86.4%
PacificSacramento Kings
86.4%
SouthwestNew Orleans Pelicans
86.4%
SoutheastCharlotte Hornets
81.8%
NorthwestOklahoma City Thunder
81.8%
AtlanticPhiladelphia 76ers
77.3%

You're not logged in!

Compare scores with friends on all Sporcle quizzes.
OR
Log In

Sporcle TV

Today on Sporcle TV


Watch our educational content, quiz creation guides, and fun videos on Sporcle TV.

Show Comments

Extras

Top Quizzes Today


Score Distribution

Your Account Isn't Verified!

In order to create a playlist on Sporcle, you need to verify the email address you used during registration. Go to your Sporcle Settings to finish the process.

Report this User

Report this user for behavior that violates our Community Guidelines.

Details: